A prorektor is elmegy. Algebra tanszéki peregrináció

Elmentve itt :
Bibliográfiai részletek
Dokumentumtípus: Cikk
Megjelent: 1991-08-16
Sorozat:Délmagyarország 81 No. 192
Kulcsszavak:Csákány Béla, Kongresszus, Hungarológia
Online Access:http://dmarchiv.bibl.u-szeged.hu/81822
LEADER 00454nab a2200145 i 4500
001 delm81822
005 20190927152315.0
008 190927s1991 hu o 0|| hun d
040 |a SZTE Délmagyarország Archívum  |b hun 
041 |a hun 
245 0 2 |a A prorektor is elmegy. Algebra tanszéki peregrináció  |h [elektronikus dokumentum] 
260 |c 1991-08-16 
300 |a 3 
490 0 |a Délmagyarország  |v 81 No. 192 
695 |a Csákány Béla, Kongresszus, Hungarológia